000 01196nam a2200181Ia 4500
008 151202s9999||||xx |||||||||||||| ||und||
082 _bPNVM-122241
100 _aओक विश्‍वनाथ गंगाधर.
245 _aअद्वैत सिद्धान्त-शांकरब्रह्मसूत्रातील बादरायण व्यासांचा चेतन कारण वाद.
260 _bपुण्यश्‍लोक सद्गुरु शिवपार्वती प्रतिष्ठान फलटण.
260 _c1984
300 _a264
600 _aओक विश्‍वनाथ गंगाधर.
630 _aअद्वैत सिद्धान्त-शांकरब्रह्मसूत्रातील बादरायण व्यासांचा चेतन कारण वाद.
700 _aओक विश्‍वनाथ गंगाधर.
730 _aअद्वैत सिद्धान्त-शांकरब्रह्मसूत्रातील बादरायण व्यासांचा चेतन कारण वाद.
942 _cBOOK
999 _c1352370
_d1352367